00769 2200229 4500001002100000005001700021008004100038035002400079082001000103090002000113110005800133245009900191260010700290300002800397500002600425650002400451700001500475850001500490980001300505985000600518999001500524YOGYA-0209000004817020090227031908.0 ind  0010-020900000048170 a297.6 a297.6bPro KlT aPROYEK PENELITIAN DAN PENGKAJIAN KEBUDAYAAN NUSANTARA aKisah wafatnya Nabi Muhammad S.A.Wb(versi bahasa Makasar)cTim Peneliti Ambo Gani... [et.al.] aJakartabDepartemen Pendidikan dan Kebudayaan Direktorat Jenderal Kebudayaan Direktorat Sejarah.c1990 avi, 67 hlmbilusc21 cm aBibliografi : hlm. 67 aNabi Muhammad S.A.W aGani, Ambo aYOPDYOG(M) a10-10-07 a1 aA000014331